000 02577cam a22004097i 4500
999 _c127885
_d127885
001 18691301
003 ARRUPE
005 20180411095530.0
008 150708s2015 nyu b 001 0 eng d
010 _a 2015430386
020 _a9780823264667
020 _a0823264661
020 _a9780823264674
020 _a082326467X
035 _a(OCoLC)ocn888556640
040 _aYDXCP
_beng
_cYDXCP
_erda
_dBTCTA
_dBDX
_dOCLCQ
_dVVS
_dAUM
_dCIA
_dOCLCF
_dLML
_dZCU
_dCDX
_dDRU
_dDLC
042 _alccopycat
050 0 0 _aB815
_b.B88 2015
082 0 4 _a128/.37
_223
100 1 _aButler, Judith,
_941359
245 1 0 _aSenses of the subject /
_cJudith Butler.
260 _aNew York
_bFordham University Press
_c2015
300 _aviii, 217 p. ;
_c24 cm
504 _aIncludes bibliographical references (pages 199-212) and index.
505 0 0 _t"How can I deny that these hands and this body are mine?" --
_tMerleau-Ponty and the touch of Malebranche --
_tThe desire to live: Spinoza's Ethics under pressure --
_tTo sense what is living in the other : Hegel's early love --
_tKierkegaard's speculative despair --
_tSexual difference as a question of ethics : alterities of the flesh in Irigaray and Merleau-Ponty --
_tViolence, nonviolence: Sartre on Fanon.
520 _aThis book brings together a group of Judith Butler's philosophical essays written over two decades that elaborate her reflections on the roles of the passions in subject formation through an engagement with Hegel, Kierkegaard, Descartes, Spinoza, Malebranche, Merleau-Ponty, Freud, Irigaray, and Fanon. Drawing on her early work on Hegelian desire and her subsequent reflections on the psychic life of power and the possibility of self-narration, this book considers how passions such as desire, rage, love, and grief are bound up with becoming a subject within specific historical fields of power.
650 0 _aEmotions (Philosophy)
_941360
856 4 2 _3Contributor biographical information
_uhttp://www.loc.gov/catdir/enhancements/fy1509/2015430386-b.html
856 4 2 _3Publisher description
_uhttp://www.loc.gov/catdir/enhancements/fy1509/2015430386-d.html
856 4 1 _3Table of contents only
_uhttp://www.loc.gov/catdir/enhancements/fy1509/2015430386-t.html
906 _a7
_bcbc
_ccopycat
_d2
_encip
_f20
_gy-gencatlg
942 _2lcc
_cMONOGRAPH